00764nam a22001457a 4500003000900000005001700009008004100026040001300067245004200080250000600122260005700128300001800185490002400203520039100227IT-RoPau20220918175938.0130115b xxu||||| |||| 00| 0 eng d cIT-RoPau aDon Alberione Beato Famiglia Paolina  aI aRoma, Via della FanellabCasa Generalizia SSP c2004 a191 p.c31 cm aFamiglia PaolinavI aIndice Prefazione Introduzione Vita di Don Alberione Santità€ di Don Alberione La cusa di beatificazione e di canonizzazione La Famiglia Paolina attende il Dono La Beatificazione: 27 aprile 2003 Pellegrinaggio ad Alba, 29 aprile - 1 maggio Appendici La Prima " festa" Testimonianze Breve apostolico di sua Santità€ Giovanni Paolo II Alle Sorelle e ai Fratelli della Famiglia Paolina